Tharangani (Record no. 5241)

MARC details
000 -LEADER
fixed length control field 00470nam a2200181Ia 4500
003 - CONTROL NUMBER IDENTIFIER
control field OSt
005 - DATE AND TIME OF LATEST TRANSACTION
control field 20220519093519.0
008 - FIXED-LENGTH DATA ELEMENTS--GENERAL INFORMATION
fixed length control field 211109s9999||||xx |||||||||||||| ||und||
040 ## - CATALOGING SOURCE
Transcribing agency SBCL
082 ## - DEWEY DECIMAL CLASSIFICATION NUMBER
Classification number 894.8121
Item number PAR-T
100 ## - MAIN ENTRY--PERSONAL NAME
Personal name Ulloor, S Parameswara Iyar
245 #0 - TITLE STATEMENT
Title Tharangani
260 ## - PUBLICATION, DISTRIBUTION, ETC.
Name of publisher, distributor, etc. Ullur Publishers
Place of publication, distribution, etc. Jagathy
Date of publication, distribution, etc. 1971
300 ## - PHYSICAL DESCRIPTION
Extent 104p
630 ## - SUBJECT ADDED ENTRY--UNIFORM TITLE
General subdivision General Stack
650 ## - SUBJECT ADDED ENTRY--TOPICAL TERM
Topical term or geographic name entry element Literatures of other languages
942 ## - ADDED ENTRY ELEMENTS (KOHA)
Koha item type BOOK
650 ## - SUBJECT ADDED ENTRY--TOPICAL TERM
Form subdivision Malayalam Poetry
General subdivision Generalia
Holdings
Withdrawn status Lost status Source of classification or shelving scheme Damaged status Not for loan Home library Current library Date acquired Cost, normal purchase price Full call number Barcode Shelving location Date last seen Price effective from Koha item type
    Dewey Decimal Classification     SB LIBRARY SB LIBRARY 09/11/2021 100.00 894.8121 PAR-T 00005698 GENERAL STACK 09/11/2021 09/11/2021 BOOK

Powered by Koha